| 000 | 00602nam a2200181Ia 4500 | ||
|---|---|---|---|
| 008 | 140925s9999 xx 000 0 und d | ||
| 020 | _a1744-7941 | ||
| 100 | _aBartram, Timothy. | ||
| 245 |
_aAsia pacific journal of human resources / _cTimothy Bartram. _h[electronic resource] |
||
| 260 |
_bJohn Wiley & Sons, Inc., _cc2014. |
||
| 516 | _aElectronic text | ||
| 650 | _aHuman Resource Management. | ||
| 650 | _aJournal. | ||
| 830 | _aJohn Wiley & Sons, Inc. | ||
| 856 | _uhttp://onlinelibrary.wiley.com/journal/10.1111/%28ISSN%291744-7941 | ||
| 942 | _cEJ | ||
| 999 |
_c275798 _d275798 |
||